000 00736nam a22002177a 4500
003 0
005 20230913082328.0
008 230913b xxu||||| |||| 00| 0 eng d
020 _a978-0-323-68355-5
050 _aRB 38.2
_b.P34 2021
100 _aPagana, Kathleen Deska
245 _aMosby's diagnostic & laboratory test reference
_cKathleen Deska Pagana
250 _aSixteenth edition
260 _aMisosuri
_bElsevier
_cc2021.
300 _axxiv, 1031 pages ;
_c19 cm.
500 _aDiagnosis, laboratory--handbooks, manuals, etc.
504 _aIncludes bibliographical references and index.
650 _aDiagnosis, laboratory--handbooks, manuals, etc.
650 _aClinical laboratory techniques.
942 _2lcc
_cBK
999 _c365286
_d365286